Score 0/18 Timer 12:00
0 Plays Today
Time Range Real Song OR The Musical % Correct
0:00 - 0:23A Spoonful of Sugar (Mary Poppins)
93.2%
0:23 - 0:57Maria (The Sound of Music)
77.7%
3:48 - 4:15Circle of Life (The Lion King)
73.2%
1:58 - 2:32Be Our Guest (Beauty and the Beast)
73.1%
4:15 - 4:39Oompa Loompa (Willy Wonka & The Chocolate Factory)
71.8%
2:59 - 3:17Luck Be a Lady (Guys and Dolls)
63.9%
7:39 - 8:00You're the One That I Want (Grease)
62.3%
6:18 - 6:46The Rain in Spain (My Fair Lady)
58.8%
2:32 - 2:59I Think I'm Gonna Like it Here (Annie)
53.1%
Time Range Real Song OR The Musical % Correct
5:17 - 5:33I Feel Pretty (West Side Story)
51.6%
7:18 - 7:39New York, New York (On The Town)
45.6%
1:27 - 1:58One (A Chorus Line)
45.2%
4:39 - 5:17Don't Cry For Me, Argentina (Evita)
42.1%
5:33 - 5:54Da-Doo (Little Shop of Horrors)
38.2%
5:54 - 6:18Piano Lesson (The Music Man)
28%
3:17 - 3:48Kids (Bye Bye Birdie)
27.6%
6:46 - 7:18Everything's Coming Up Roses (Gypsy: A Musical Fable)
25.4%
0:57 - 1:27You Two (Chitty Chitty Bang Bang)
24.4%
Remove Ads.
Support Sporcle.
Get the best of Sporcle when you Go Orange. This ad-free experience offers more features, more stats, and more fun while also helping to support Sporcle. Thank you for becoming a member.

You're not logged in!

Compare scores with friends on all Sporcle quizzes.
OR
Log In

Show Comments

Extras

Top Quizzes Today


Score Distribution

Your Account Isn't Verified!

In order to create a playlist on Sporcle, you need to verify the email address you used during registration. Go to your Sporcle Settings to finish the process.

Report this User

Report this user for behavior that violates our Community Guidelines.

Details: